01056naa a2200193Ia 4500008004100000020001800041082001500059083001400074099000700088100002300095245002800118264004700146300000800193520049500201650001700696942001200713999001100725952012600736200107s2004 xx 000 0 und d a0-7432-5608-5 a808.6bM41 a808.6 M41 a74 aMatalin, Mary923610aLetters to my daughter. aNew YorkbSimon and Schuster Inc., c2004. a248 aA collection of tender essay on life and love written to Mattalin's two young daughters and the letters are exceptionally personal; she displays a vulnerability one not expect from fiery conservative seen on TV, she writes about sex, body image, female friendship and other thorny topics her daughters are sure to face in the not-so-distant future; she weaves wonderful life lessons in her tales, encouraging her daughter to travel widely and find careers about which they feel passionate. aEassays9237 2ddccBK c74d74 00102ddc4070aFOUNDATIONbFOUNDATIONcCIRCd2017-02-07eDonatedo808.6 M41p59908r2022-02-23 00:00:00w2022-02-23yBK